000 00543nam a2200193Ia 4500
005 20250923145346.0
008 008 250917s9999 xx 000 0 eng d
037 _aTextual
040 _aDSWL
_beng
_cDSWL
041 _aeng
_2eng
084 _aX:95x2, N77
_qDSWL
245 0 _aUnemployment problem in India
_cEd. by L.M. Singhvi
260 _aNew Delhi
_b National Pub. House
_c1977
300 _ax,365p.
365 _aINR
_b49 . 50
925 _g49 . 50
942 _cTEXL
_hX:95x2, N77
999 _c1450422
_d1450422